Explicación sociodemográfica de la duración de las relaciones de pareja masculina en la Ciudad de México /
Se buscó identificar los factores sociodemográficos que explicasen la duración de las relaciones de pareja entre varones. Fueron reconstruidas 633 historias de pareja homosexuales masculinas ocurridas en diferentes momentos de su curso de vida a partir de una encuesta biográfica retrospectiva aplica...
Uloženo v:
| Hlavní autor: | |
|---|---|
| Médium: | Text |
| Témata: | |
| Tagy: |
Přidat tag
Žádné tagy, Buďte první, kdo vytvoří štítek k tomuto záznamu!
|
MARC
| LEADER | 00000 a a2200000 04500 | ||
|---|---|---|---|
| 001 | 42104 | ||
| 003 | |||
| 040 | |||
| 100 | |a Gallego-Montes, Gabriel | ||
| 245 | |a Explicación sociodemográfica de la duración de las relaciones de pareja masculina en la Ciudad de México / |c Gabriel Gallego-Montes | ||
| 500 | |a gabriel.gallego@ucaldas.edu.co |a gabo.gallego@gmail.com | ||
| 520 | |a Se buscó identificar los factores sociodemográficos que explicasen la duración de las relaciones de pareja entre varones. Fueron reconstruidas 633 historias de pareja homosexuales masculinas ocurridas en diferentes momentos de su curso de vida a partir de una encuesta biográfica retrospectiva aplicada durante 2006 en la Ciudad de México a 250 varones homosexuales de entre 16 y 55 años de edad. | ||
| 590 | |a RRA/FEBRERO2012 | ||
| 650 | |a RELACIONES DE PAREJA | ||
| 650 | |a HOMOSEXUALES | ||
| 650 | |a SEXUALIDAD | ||
| 650 | |a BIOGRAFIAS | ||
| 650 | |a MEXICO | ||
| 773 | |g volumen17, número67 (2011), páginas 91-109 : tablas | ||
| 999 | |c 21573 |d 21573 | ||
